Liberalismo y modernización en Nicaragua 1870-1912

Сохранить в:
Библиографические подробности
Соавтор: Instituto de Historia de Nicaragua
Формат: Текст
Опубликовано: Managua: Instituto de Historia de Nicaragua
Метки: Добавить метку
Нет меток, Требуется 1-ая метка записи!

MARC

LEADER 00000 a a2200000 04500
001 23121
003
040
090 |a 159600  
110 |a Instituto de Historia de Nicaragua  
245 |a Liberalismo y modernización en Nicaragua 1870-1912  
260 |a Managua:   |b Instituto de Historia de Nicaragua  
300 |a 42 p.  
999 |c 15110  |d 15110